000 00620cab a2200241 4500
001 X716
008 090401t1993 xxu||||| |||| 00| 0 eng d
035 _a(Sirsi) u67186
041 _aeng
245 _aTimber company prosecuted
260 _c1993
350 _a0
490 _aCS Monthly : Rural Practice
_v2(8) May 1993, 16(1)
650 _aBRROKBRIDGE TIMBER LTD
650 _aENVIRONMENTAL PROTECTION ACT 1990
650 _aHM INSPECTORATE OF POLLUTION
650 _aPOLLUTION
650 _aPROSECUTION
650 _aTOXIC SUBSTANCES
690 _aRURAL PRACTICE
942 _n0
948 _c04/03/1997
999 _c42045
_d42045